[Event "Mistrzostwa Miedzywojewodzkie Juniorow OP-SL C 17"]
[Site "Szczyrk"]
[Date "2012-10-21"]
[Round "4.6"]
[White "Janulek, Dawid"]
[Black "Drela, Michal"]
[Result "1-0"]
[WhiteTitle "I"]
[BlackTitle "I"]
[WhiteElo "1810"]
[BlackElo "1620"]

1. d4 d5 2. Nc3 c6 3. Nf3 Nf6 4. Bg5 Bf5 5. e3 e6 6. Bd3 Bxd3 7. Qxd3 Be7 8. O-O-O
Nbd7 9. Bxf6 Nxf6 10. h3 Qa5 11. Nd2 O-O 12. g4 b5 13. f3 Nd7 14. Kb1 Rab8 15.
e4 Rfd8 16. f4 dxe4 17. Qxe4 Nf6 18. Qe3 Bb4 19. Nde4 Bxc3 20. Qxc3 Qxc3 21. Nxc3
b4 22. Ne2 Nd5 23. Rd3 a5 24. Rf1 Re8 25. c4 bxc3 26. Nxc3 Nb6 27. Kc2 Nc4 28.
b3 Na3+ 29. Kd2 Nb5 30. Rc1 Nd6 31. Ke3 Rec8 32. Ne4 Nb5 33. Rc5 Ra8 34. Nc3 Rab8
35. Nxb5 cxb5 36. Rdc3 Rxc5 37. Rxc5 Kf8 38. Rc7 a4 39. b4 g6 40. g5 Rd8 41. Ke4
Ke8 42. Rc5 Rb8 43. Ke5 Ke7 44. Rc7+ Ke8 45. Kf6 Rd8 46. Re7+ Kf8 47. Rxf7+ Kg8
48. Rg7+ Kh8 49. Rb7 Rf8+ 50. Kxe6 Rxf4 51. d5 Re4+ 52. Kf6 Rf4+ 53. Ke5 Rf5+
54. Ke6 Rxg5 55. d6 Rg2 56. d7 Re2+ 57. Kf6 Rf2+ 58. Ke5 Re2+ 59. Kf4 Rf2+ 60.
Ke3 Rf8 61. Rc7 1-0

[Event "Mistrzostwa Miedzywojewodzkie Juniorow OP-SL C 17"]
[Site "Szczyrk"]
[Date "2012-10-21"]
[Round "4.7"]
[White "Slany, Wiktor"]
[Black "Wielek, Thomas"]
[Result "1/2-1/2"]
[WhiteTitle "II"]
[BlackTitle "I"]
[WhiteElo "1622"]
[BlackElo "1835"]

1. e4 c5 2. Nf3 g6 3. d4 cxd4 4. Nxd4 Bg7 5. c4 Nf6 6. Nc3 d6 7. Bd3 O-O 8. O-O
Qb6 9. Nc2 Nc6 10. Rb1 Bg4 11. Qe1 Ne5 12. Be2 Bxe2 13. Qxe2 Rfc8 14. b3 a6 15.
Nd5 Nxd5 16. exd5 Nxc4 17. Qxe7 Ne5 18. Ne3 Re8 19. Qh4 Nd3 20. Nc4 Qd4 21. Qxd4
Bxd4 22. Be3 Bxe3 23. fxe3 f5 24. Rbd1 Nb4 25. Rd2 b5 26. Nb6 Ra7 27. a3 Rb7 28.
axb4 Rxb6 29. Kf2 Rc8 30. Ke2 Kg7 31. Kd3 Rb7 32. Ra1 Kf6 33. Rxa6 Ke5 34. g3
h5 35. Ke2 g5 36. Ra1 Rc3 37. Ra8 Re7 38. Rb8 Rxb3 39. Rxb5 Kf6 40. Rd3 Rb2+ 41.
Rd2 Rb3 42. Rb8 Rexe3+ 43. Kf2 f4 44. gxf4 gxf4 45. b5 Rf3+ 46. Kg2 h4 47. Rd1
h3+ 48. Kg1 Rb2 49. Re1 Rd3 50. Rf8+ Kg5 51. Rg8+ Kf5 52. Rf8+ Kg4 53. Rg8+ Kh4
54. Rh8+ Kg4 55. Rg8+ Kf3 56. Rh8 Rg2+ 57. Kh1 Kf2 58. Rb1 Re3 59. Rh4 f3 60.
Rxh3 Rg8 61. Rh7 Re1+ 62. Rxe1 Kxe1 63. Re7+ Kf1 64. h3 f2 65. b6 Rg3 66. Kh2
Rg2+ 67. Kh1 Rg1+ 1/2-1/2

[Event "Mistrzostwa Miedzywojewodzkie Juniorow OP-SL C 17"]
[Site "Szczyrk"]
[Date "2012-10-21"]
[Round "4.9"]
[White "Stemplewski, Kamil"]
[Black "Kopel, Wojciech"]
[Result "1/2-1/2"]
[WhiteTitle "II"]
[BlackTitle "III"]
[WhiteElo "1551"]
[BlackElo "1521"]

1. e4 e6 2. d4 d5 3. Nc3 Nf6 4. Bg5 Be7 5. e5 Nfd7 6. Bxe7 Qxe7 7. f4 a6 8. Nf3
c5 9. dxc5 Nxc5 10. Bd3 Nc6 11. Qd2 Bd7 12. O-O-O b5 13. g4 b4 14. Ne2 Rb8 15.
h4 b3 16. axb3 Rxb3 17. Nc3 Rb7 18. Be2 Nb4 19. Nd4 Na4 20. Nxa4 Bxa4 21. b3 Qc7
22. Kb2 1/2-1/2

[Event "Mistrzostwa Miedzywojewodzkie Juniorow OP-SL C 17"]
[Site "Szczyrk"]
[Date "2012-10-21"]
[Round "5.1"]
[White "Paszewski, Mateusz"]
[Black "Klimek, Marcin"]
[Result "0-1"]
[WhiteTitle "I+"]
[BlackTitle "I"]
[WhiteElo "2051"]
[BlackElo "1863"]

1. e4 e6 2. d3 c5 3. Nf3 g6 4. g3 Bg7 5. Bg2 Nc6 6. O-O Nge7 7. Re1 d6 8. c3 O-O
9. a3 e5 10. b4 a6 11. Nbd2 cxb4 12. axb4 Be6 13. Rb1 b5 14. Nf1 d5 15. Ng5 Qd6
16. exd5 Bxd5 17. Ne4 Bxe4 18. dxe4 Qe6 19. Ne3 Rfd8 20. Nd5 Nxd5 21. exd5 Qd7
22. Qb3 Ne7 23. Rd1 Nf5 24. Bg5 Rdc8 25. Bh3 Rc4 26. Be3 Qc7 27. Bxf5 gxf5 28.
Bc5 e4 29. Rbc1 a5 30. d6 Qd7 31. Rd5 a4 32. Qd1 Rxc3 33. Bd4 Bxd4 34. Rxd4 Rxc1
35. Qxc1 f6 36. Qc5 Kg7 37. Qd5 Ra6 38. g4 a3 39. Rd2 fxg4 40. Ra2 Rxd6 41. Qxe4
Rd1+ 42. Kg2 Qd5 43. Qxd5 Rxd5 44. Rxa3 Rd4 45. Rb3 Kg6 46. h3 h5 47. hxg4 hxg4
48. Kg3 Kg5 49. f3 gxf3 50. Kxf3 Kf5 51. Ke3 Rh4 52. Rb1 Ke5 53. Kd3 Rh3+ 54.
Ke2 Ke4 55. Kf2 f5 56. Rc1 Rb3 57. Re1+ Kf4 0-1

[Event "Mistrzostwa Miedzywojewodzkie Juniorow OP-SL C 17"]
[Site "Szczyrk"]
[Date "2012-10-21"]
[Round "5.3"]
[White "Janulek, Dawid"]
[Black "Mroziak, Maciej"]
[Result "0-1"]
[WhiteTitle "I"]
[BlackTitle "I++"]
[WhiteElo "1810"]
[BlackElo "2164"]

1. d4 Nf6 2. Nc3 d5 3. Bg5 e6 4. e4 dxe4 5. Nxe4 Be7 6. Bxf6 gxf6 7. Nf3 b6 8.
Bd3 Bb7 9. Qe2 c6 10. O-O Qc7 11. Qe3 Nd7 12. c3 h5 13. b4 h4 14. h3 O-O-O 15.
a4 Rdg8 16. a5 f5 17. Ned2 Nf6 18. axb6 axb6 19. Qe5 Nd5 20. Qxc7+ Kxc7 21. Bc4
Nf4 22. Ne1 Nxh3+ 23. Kh2 Nf4 24. Ndf3 c5 25. bxc5 bxc5 26. Rg1 Bd6 27. Ne5 Rg7
28. Kh1 Bxe5 29. dxe5 h3 0-1

[Event "Mistrzostwa Miedzywojewodzkie Juniorow OP-SL C 17"]
[Site "Szczyrk"]
[Date "2012-10-21"]
[Round "5.4"]
[White "Szolc, Grzegorz"]
[Black "Dzierzak, Radoslaw"]
[Result "0-1"]
[WhiteTitle "II+"]
[BlackTitle "I+"]
[WhiteElo "1774"]
[BlackElo "1918"]

1. e4 d5 2. exd5 Qxd5 3. Nc3 Qa5 4. Bc4 Nf6 5. d3 Bg4 6. Nge2 e5 7. Bd2 c6 8. Nd5
Qd8 9. Ne3 Bc5 10. O-O Bh5 11. Nf5 O-O 12. Nfg3 Bg6 13. Bc3 b5 14. Bb3 Qc7 15.
Qe1 a5 16. a4 b4 17. Bd2 Nbd7 18. Kh1 Qb6 19. h3 Rfe8 20. f3 Nd5 21. Ne4 Bf8 22.
Qf2 Qxf2 23. Nxf2 Nc5 24. Bc4 Nb6 25. b3 Nxc4 26. bxc4 b3 27. cxb3 Nxb3 28. Ra2
Red8 29. Bc3 f6 30. Rd1 Bf7 31. Rb1 Nc5 32. Rd1 Rdb8 33. Nc1 Rb1 34. Kg1 Bd6 35.
Kf1 Bc7 36. Ke2 Rd8 37. h4 f5 38. g4 e4 39. fxe4 fxe4 40. Rad2 Bf4 41. Rc2 exd3+
42. Nfxd3 Nxd3 43. Bxa5 Nxc1+ 44. Rcxc1 Re8+ 0-1

[Event "Mistrzostwa Miedzywojewodzkie Juniorow OP-SL C 17"]
[Site "Szczyrk"]
[Date "2012-10-21"]
[Round "5.5"]
[White "Klus, Maciej"]
[Black "Szusterowski, Przemyslaw"]
[Result "1-0"]
[WhiteTitle "II"]
[BlackTitle "I"]
[WhiteElo "1766"]
[BlackElo "1949"]

1. d4 Nf6 2. Nf3 c5 3. d5 e6 4. Nc3 d6 5. e4 exd5 6. exd5 Be7 7. Be2 O-O 8. O-O
Na6 9. Nd2 Bf5 10. g4 Bd7 11. a4 Qc8 12. f3 h5 13. h3 Nh7 14. Nc4 f5 15. Bf4 fxg4
16. fxg4 Ng5 17. Kg2 Qe8 18. Qd2 Rxf4 19. Qxf4 Nb4 20. Ne3 Bf6 21. Bb5 Bxb5 22.
axb5 Qg6 23. Qf5 Qxf5 24. Rxf5 Re8 25. Nc4 Nxc2 26. Rxa7 Ne1+ 27. Kg3 h4+ 28.
Kxh4 Ngf3+ 29. Kh5 Kh7 30. Rxb7 Be7 31. Rf7 Bf8 32. g5 Nd3 33. g6+ Kg8 34. Rxf3
1-0

[Event "Mistrzostwa Miedzywojewodzkie Juniorow OP-SL C 17"]
[Site "Szczyrk"]
[Date "2012-10-21"]
[Round "5.6"]
[White "Wielek, Thomas"]
[Black "Burakowski, Marek"]
[Result "1/2-1/2"]
[WhiteTitle "I"]
[BlackTitle "II+"]
[WhiteElo "1835"]
[BlackElo "1701"]

1. e4 e5 2. d4 exd4 3. Nf3 Nc6 4. Bc4 Bc5 5. c3 d6 6. cxd4 Bb4+ 7. Bd2 Bxd2+ 8.
Nbxd2 Nf6 9. O-O O-O 10. Rc1 Bg4 11. d5 Ne5 12. Be2 Qe7 13. Nxe5 Bxe2 14. Qxe2
Qxe5 15. Qb5 c6 16. Qxb7 cxd5 17. exd5 Rfb8 18. Qc6 Qxb2 19. Rc2 Qe5 20. Nc4 Qxd5
21. Nxd6 Rd8 1/2-1/2

[Event "Mistrzostwa Miedzywojewodzkie Juniorow OP-SL C 17"]
[Site "Szczyrk"]
[Date "2012-10-21"]
[Round "5.7"]
[White "Slany, Wiktor"]
[Black "Szmidt, Wojciech"]
[Result "0-1"]
[WhiteTitle "II"]
[BlackTitle "II"]
[WhiteElo "1622"]
[BlackElo "1510"]

1. e4 c6 2. d4 d5 3. exd5 cxd5 4. Bd3 Nc6 5. c3 Qc7 6. Bg5 g6 7. Qf3 e6 8. Ne2
Bd6 9. Nd2 h6 10. Bh4 Nge7 11. Qf6 Rf8 12. Bg3 Bd7 13. Bxd6 Qxd6 14. O-O O-O-O
15. Nb3 Ng8 16. Qf3 g5 17. Nc5 f5 18. Nc1 Nf6 19. b4 e5 20. Bxf5 e4 21. Bxd7+
Nxd7 22. Qe2 Nf6 23. Rb1 h5 24. b5 Ne7 25. b6 a6 26. N1b3 Nf5 27. Nxa6 Ng4 28.
g3 Nh4 29. h3 Nf3+ 30. Kg2 h4 31. hxg4 Qe6 32. Nbc5 Qxg4 33. Qb5 h3+ 34. Kh1 Nxd4
0-1

[Event "Mistrzostwa Miedzywojewodzkie Juniorow OP-SL C 17"]
[Site "Szczyrk"]
[Date "2012-10-21"]
[Round "5.9"]
[White "Drela, Michal"]
[Black "Kopel, Wojciech"]
[Result "1-0"]
[WhiteTitle "I"]
[BlackTitle "III"]
[WhiteElo "1620"]
[BlackElo "1521"]

1. d4 e6 2. Nf3 f5 3. c4 d5 4. Nc3 c6 5. e3 Nf6 6. Bd3 Bd6 7. O-O O-O 8. c5 Bc7
9. b4 Ne4 10. Bd2 g5 11. Bxe4 fxe4 12. Ne5 Rf5 13. f4 exf3 14. Nxf3 h6 15. a4
Nd7 16. Qe2 Qf8 17. e4 dxe4 18. Nxe4 Nf6 19. Ne5 Bxe5 20. dxe5 Rxe5 21. Rxf6 Qg7
22. Raf1 Bd7 23. Bc3 Rf5 24. R6xf5 1-0

[Event "Mistrzostwa Miedzywojewodzkie Juniorow OP-SL C 17"]
[Site "Szczyrk"]
[Date "2012-10-21"]
[Round "6.1"]
[White "Mroziak, Maciej"]
[Black "Jachym, Adam"]
[Result "1-0"]
[WhiteTitle "I++"]
[BlackTitle "II"]
[WhiteElo "2164"]
[BlackElo "1922"]

1. e4 e5 2. Nf3 Nc6 3. d4 exd4 4. Nxd4 Nf6 5. Nxc6 bxc6 6. e5 Qe7 7. Qe2 Nd5 8.
c4 Ba6 9. b3 O-O-O 10. g3 Re8 11. Bb2 f6 12. Bg2 fxe5 13. O-O h5 14. Nd2 h4 15.
Nf3 hxg3 16. hxg3 Nf6 17. Qxe5 Qc5 18. Qxc5 Bxc5 19. Ne5 Rh5 20. Nd3 Bb6 21. Rfe1
Rxe1+ 22. Rxe1 Rg5 23. Be5 d5 24. Bf4 Rh5 25. Ne5 Bb7 26. Bf3 Rh8 27. Ng6 Rd8
28. Rc1 Bd4 29. cxd5 c5 30. Ne7+ Kd7 31. Nc6 Rc8 32. Nxd4 cxd4 33. Rc5 d3 34.
Kf1 g5 35. Bxg5 Kd6 36. b4 Nxd5 37. Bxd5 Bxd5 38. Bf4+ Ke6 39. Rxc7 Rxc7 40. Bxc7
Bxa2 41. Ke1 Kf5 42. Kd2 Ke4 43. Bb8 a6 44. g4 Be6 45. g5 Bf5 46. Ba7 Kf4 47.
Be3+ Ke4 48. Kc3 Kf3 49. Kd4 Kg4 50. Ke5 Bh7 51. Kf6 Kh5 52. f4 1-0

[Event "Mistrzostwa Miedzywojewodzkie Juniorow OP-SL C 17"]
[Site "Szczyrk"]
[Date "2012-10-21"]
[Round "6.2"]
[White "Dzierzak, Radoslaw"]
[Black "Klimek, Marcin"]
[Result "1-0"]
[WhiteTitle "I+"]
[BlackTitle "I"]
[WhiteElo "1918"]
[BlackElo "1863"]

1. e4 e6 2. d4 d5 3. Nd2 Nf6 4. e5 Nfd7 5. Bd3 c5 6. c3 Nc6 7. Ne2 cxd4 8. cxd4
f6 9. exf6 Nxf6 10. O-O Bd6 11. Nf3 Qc7 12. Re1 O-O 13. Ng3 Bd7 14. Bg5 Ng4 15.
Rc1 Rae8 16. Bb1 h6 17. Qd3 hxg5 18. Qh7+ Kf7 19. Bg6+ Ke7 20. Qxg7+ Kd8 21. Bxe8
Kxe8 22. Nxg5 Nxf2 23. Nxe6 Bxe6 24. Rxe6+ Kd8 25. Qg5+ Kc8 26. Qg6 Bxg3 27. hxg3
Qf7 28. Qxf7 Rxf7 29. Rf1 Nxd4 30. Re3 Ng4 31. Rc3+ 1-0

[Event "Mistrzostwa Miedzywojewodzkie Juniorow OP-SL C 17"]
[Site "Szczyrk"]
[Date "2012-10-21"]
[Round "6.3"]
[White "Klus, Maciej"]
[Black "Faron, Rafal"]
[Result "0-1"]
[WhiteTitle "II"]
[BlackTitle "II+"]
[WhiteElo "1766"]
[BlackElo "1900"]

1. d4 Nf6 2. c4 g6 3. Nc3 d5 4. Qb3 dxc4 5. Qxc4 c6 6. e4 Bg7 7. Nf3 O-O 8. Be2
Bg4 9. O-O Nbd7 10. Be3 Bxf3 11. Bxf3 e5 12. d5 cxd5 13. exd5 Nb6 14. Qb3 Nfd7
15. a4 Rc8 16. Be2 f5 17. d6+ Kh8 18. Nb5 f4 19. Bxb6 axb6 20. Nc7 Qf6 21. Rfd1
e4 22. Bg4 Rcd8 23. Qb5 Ne5 24. Bh3 Rxd6 25. Rxd6 Qxd6 26. Ne6 Ra8 27. Nxf4 g5
28. Ne6 g4 29. Ng5 gxh3 30. Nxe4 Qg6 31. Ng3 hxg2 32. Kxg2 Qc6+ 33. Qxc6 bxc6
34. b3 b5 35. a5 b4 36. Ra4 c5 37. Ne4 Bf8 38. a6 Nc6 39. Nf6 Ra7 40. Nd5 Nb8
41. Nc7 Bg7 42. f4 Bf6 43. Kf3 Bd8 44. Ne6 Bb6 45. Ra1 Rxa6 46. Rd1 Ba5 47. Nxc5
Rc6 48. Rd5 Bb6 49. Ne4 Kg7 50. f5 Na6 51. Rd7+ Kh6 52. Rb7 Nc5 53. Rxb6 Rxb6
54. Nxc5 Rc6 55. Ne4 Rc2 56. h3 Rb2 57. Nc5 Kg5 58. Ke4 Re2+ 59. Kd3 Rh2 60. Kc4
Rxh3 61. Kxb4 Kxf5 62. Kc4 h5 63. b4 Rg3 64. b5 Rg6 65. Nb3 h4 66. Nd4+ Ke4 67.
Ne2 h3 68. Kc5 h2 69. b6 h1=Q 0-1

[Event "Mistrzostwa Miedzywojewodzkie Juniorow OP-SL C 17"]
[Site "Szczyrk"]
[Date "2012-10-21"]
[Round "6.4"]
[White "Burakowski, Marek"]
[Black "Paszewski, Mateusz"]
[Result "1-0"]
[WhiteTitle "II+"]
[BlackTitle "I+"]
[WhiteElo "1701"]
[BlackElo "2051"]

1. e4 c5 2. Nf3 d6 3. d4 cxd4 4. Nxd4 Nf6 5. Nc3 g6 6. Bd3 Nc6 7. Be3 Ng4 8. Qe2
Nxe3 9. Qxe3 Bg7 10. Nde2 O-O 11. O-O a6 12. f4 h5 13. a3 Rb8 14. b4 Bg4 15. Rab1
16. Qc8 17. f5 Bxe2 18. Nxe2 Ne5 19. Rfc1 Nc4 20. Bxc4 Qxc4 21. c3 Rbc8 22. Rb2
Rc7 23. Rbc2 Rfc8 24. Nd4 Bxd4 25. cxd4 Qxc2 26. Rxc2 Rxc2 27. h3 Ra2 28. e5 Rcc2
29. f6 Rxg2+ 30. Kh1 Rh2+ 31. Kg1 Rhc2 32. Qe1 dxe5 33. fxe7 Rc8 34. d5 Rxa3 35.
Qxe5 Re8 36. d6 Rd3 37. Qc5 f6 38. Kf2 Kf7 39. Ke2 Rxd6 40. Qxd6 Rxe7+ 41. Kf3
Re6 42. Qd5 f5 43. Qxb7+ Kf6 44. Qh7 Re4 45. Qc7 Re6 46. Qc8 Ke5 47. Qd8 Rd6 48.
Qe7+ Kd5 49. Qc7 Rc6 50. Qb7 Kd6 51. Kf4 Rc4+ 52. Kg5 Re4 53. Qxa6+ 1-0

[Event "Mistrzostwa Miedzywojewodzkie Juniorow OP-SL C 17"]
[Site "Szczyrk"]
[Date "2012-10-21"]
[Round "6.5"]
[White "Szmidt, Wojciech"]
[Black "Janulek, Dawid"]
[Result "0-1"]
[WhiteTitle "II"]
[BlackTitle "I"]
[WhiteElo "1510"]
[BlackElo "1810"]

1. e4 c5 2. Nf3 d6 3. d4 cxd4 4. Nxd4 Nf6 5. Nc3 a6 6. Bg5 e6 7. f4 Qb6 8. Nb3
Nbd7 9. Qe2 Qc7 10. O-O-O b5 11. a3 Rb8 12. g3 b4 13. axb4 Rxb4 14. Bxf6 gxf6
15. f5 Nc5 16. Nxc5 Qxc5 17. fxe6 Bh6+ 18. Kb1 Qxc3 19. exf7+ Kxf7 20. b3 Be6
21. Rd3 Rxb3+ 22. cxb3 Qc1+ 23. Ka2 Rc8 0-1

[Event "Mistrzostwa Miedzywojewodzkie Juniorow OP-SL C 17"]
[Site "Szczyrk"]
[Date "2012-10-21"]
[Round "6.6"]
[White "Szusterowski, Przemyslaw"]
[Black "Drela, Michal"]
[Result "1-0"]
[WhiteTitle "I"]
[BlackTitle "I"]
[WhiteElo "1949"]
[BlackElo "1620"]

1. d4 d5 2. c4 c6 3. Nf3 Nf6 4. Nc3 e6 5. cxd5 exd5 6. Bg5 Be7 7. e3 Bf5 8. Be2
Nbd7 9. O-O h6 10. Bf4 O-O 11. a3 Ne4 12. Nxe4 Bxe4 13. b4 a6 14. Qb3 Nf6 15.
Ne5 Bd6 16. a4 Bf5 17. b5 Bxe5 18. Bxe5 Ne4 19. Qb2 axb5 20. axb5 Qb6 21. Bd3
Ng3 22. Bxf5 Nxf5 23. Qc2 Nh4 24. bxc6 bxc6 25. Rab1 Qa6 26. Rfc1 Rfc8 27. Qc5
Ng6 28. Bg3 Nf8 29. h3 Ne6 30. Qd6 Ng5 31. Qd7 Qa2 32. Rb7 Qa3 33. Rxc6 Rxc6 34.
Qxc6 Qa2 35. Qc7 Qa5 36. Qxa5 Rxa5 37. Rc7 Ne4 38. Rc2 Kh7 39. Kh2 Kg6 40. f3
Nf6 41. Rc6 Kf5 42. Be5 Ra3 43. g4+ Kg6 44. e4 Rxf3 45. exd5 Kg5 46. Bxf6+ Rxf6
47. Kg3 Kg6 48. d6 Kh7 49. d7 Rxc6 50. d8=Q Rc3+ 51. Kf4 f6 52. d5 g5+ 53. Kf5
Rf3+ 54. Ke6 h5 55. Kf7 1-0

[Event "Mistrzostwa Miedzywojewodzkie Juniorow OP-SL C 17"]
[Site "Szczyrk"]
[Date "2012-10-21"]
[Round "6.7"]
[White "Stemplewski, Kamil"]
[Black "Wielek, Thomas"]
[Result "0-1"]
[WhiteTitle "II"]
[BlackTitle "I"]
[WhiteElo "1551"]
[BlackElo "1835"]

1. e4 c5 2. Nf3 g6 3. d4 cxd4 4. Nxd4 Nc6 5. Be3 Bg7 6. Nc3 Nf6 7. Bc4 O-O 8. f3
Qb6 9. Bb3 Nxe4 10. Nxe4 Bxd4 11. Bxd4 Qxd4 12. Qxd4 Nxd4 13. O-O-O Nxb3+ 14.
axb3 d6 15. h4 f5 16. Nc3 Kf7 17. Rhe1 Rd8 18. Nd5 e6 19. Nc7 Rb8 20. Nb5 Ke7
21. Kb1 a6 22. Nc3 b5 23. Nd5+ Kf7 24. Nf4 e5 25. Nh3 Bb7 26. Ng5+ Ke7 27. Rd4
h6 28. Nh3 Kf6 29. Rd2 g5 30. hxg5+ hxg5 31. Nf2 Ke6 32. Rh1 Rh8 33. Rdd1 d5 34.
Kc1 e4 35. fxe4 dxe4 36. Nh3 Rbg8 37. Nxg5+ Kf6 38. Rxh8 Rxh8 39. Nh3 e3 40. Nf4
Kg5 41. g3 Kg4 42. Rg1 Bf3 43. b4 Rd8 44. Nd3 Kh3 45. Ne5 Bg4 46. Re1 Kxg3 47.
Rxe3+ Kf4 48. Re1 Kg3 49. Rg1+ Kh3 50. Nd3 Kh2 51. Rf1 Kg2 52. Rf2+ Kg3 53. Rf4
Rxd3 54. Rxg4+ fxg4 55. cxd3 Kf2 0-1

[Event "Mistrzostwa Miedzywojewodzkie Juniorow OP-SL C 17"]
[Site "Szczyrk"]
[Date "2012-10-21"]
[Round "6.8"]
[White "Szolc, Grzegorz"]
[Black "Slany, Wiktor"]
[Result "1/2-1/2"]
[WhiteTitle "II+"]
[BlackTitle "II"]
[WhiteElo "1774"]
[BlackElo "1622"]

1. e4 e5 2. Nf3 Nc6 3. d4 exd4 4. Nxd4 Bc5 5. Be3 Qf6 6. c3 Qg6 7. Nd2 Nge7 8.
g3 Bxd4 9. cxd4 d5 10. Bg2 dxe4 11. Bxe4 Bf5 12. Bxf5 Nxf5 13. d5 Nxe3 14. fxe3
Ne5 15. Qa4+ c6 16. dxc6 Qxc6 17. Qxc6+ Nxc6 18. O-O Rd8 19. Rad1 O-O 20. Nc4
f6 21. a4 1/2-1/2

[Event "Mistrzostwa Miedzywojewodzkie Juniorow OP-SL C 17"]
[Site "Szczyrk"]
[Date "2012-10-21"]
[Round "7.1"]
[White "Dzierzak, Radoslaw"]
[Black "Mroziak, Maciej"]
[Result "1/2-1/2"]
[WhiteTitle "I+"]
[BlackTitle "I++"]
[WhiteElo "1918"]
[BlackElo "2164"]

1. e4 c5 2. Nf3 d6 3. d4 cxd4 4. Nxd4 Nf6 5. Nc3 a6 6. Bg5 e6 7. a4 Be7 8. Be2
b6 9. Bf3 Ra7 10. O-O O-O 11. Qe2 Rd7 12. Rad1 Qc7 13. Rd2 Bb7 14. Rfd1 Rfd8 15.
Bh4 Qc8 16. e5 1/2-1/2

[Event "Mistrzostwa Miedzywojewodzkie Juniorow OP-SL C 17"]
[Site "Szczyrk"]
[Date "2012-10-21"]
[Round "7.2"]
[White "Klimek, Marcin"]
[Black "Faron, Rafal"]
[Result "0-1"]
[WhiteTitle "I"]
[BlackTitle "II+"]
[WhiteElo "1863"]
[BlackElo "1900"]

1. Nc3 e5 2. e4 d6 3. f4 Nf6 4. Nf3 Nbd7 5. Bc4 Be7 6. d4 exd4 7. Qxd4 O-O 8. Be3
c6 9. a4 d5 10. Be2 c5 11. Qd2 d4 12. Nxd4 cxd4 13. Bxd4 Bb4 14. Bf3 Nb6 15. b3
Re8 16. e5 Nfd5 17. O-O-O Qc7 18. Kb2 Nxc3 19. Bxc3 Bxc3+ 20. Qxc3 Qxc3+ 21. Kxc3
Rb8 22. a5 Nd7 23. Rd2 Nf8 24. Rhd1 Be6 25. g4 g6 26. Rd6 Rec8+ 27. Kb2 Rc5 28.
a6 b6 29. Rd8 Rbc8 30. Be4 Bxg4 31. R1d2 R5c7 32. Bb7 Rxc2+ 33. Rxc2 Rxd8 34.
Rc7 Ne6 35. Rc4 Be2 0-1

[Event "Mistrzostwa Miedzywojewodzkie Juniorow OP-SL C 17"]
[Site "Szczyrk"]
[Date "2012-10-21"]
[Round "7.3"]
[White "Jachym, Adam"]
[Black "Burakowski, Marek"]
[Result "1-0"]
[WhiteTitle "II"]
[BlackTitle "II+"]
[WhiteElo "1922"]
[BlackElo "1701"]

1. e4 e5 2. Nf3 Nc6 3. Bb5 a6 4. Ba4 d6 5. O-O Bd7 6. c3 Nf6 7. Re1 Be7 8. d4 h6
9. Nbd2 b5 10. Bc2 Bg4 11. h3 Bh5 12. g4 Nxg4 13. hxg4 Bxg4 14. d5 Na5 15. Nf1
h5 16. Qd3 g5 17. N3h2 Qd7 18. Nxg4 Qxg4+ 19. Qg3 Qxg3+ 20. Nxg3 g4 21. a4 h4
22. Nf5 Kd7 23. axb5 Nc4 24. Rxa6 Rag8 25. Ra7 Bd8 26. Bd3 Nb6 27. Be2 g3 28.
fxg3 hxg3 29. Bf1 Nc8 30. Ra8 Ne7 31. Nh6 Rg7 32. Bh3+ Ke8 33. Be3 Rxh6 34. Bxh6
Rh7 35. Rea1 Rxh6 36. Rxd8+ Kxd8 37. Ra8+ Nc8 38. Rxc8+ Ke7 39. Rxc7+ Kf6 40.
Bg2 Rh8 41. b6 Rb8 42. Rc6 Ke7 43. Bh3 Kf6 44. Rxd6+ Kg5 45. Kg2 Kf4 46. c4 Kxe4
47. Kxg3 f5 48. Bg2+ Ke3 49. Rg6 e4 50. Bxe4 fxe4 51. Kg4 Kd4 52. b3 e3 53. Re6
e2 54. Rxe2 Rxb6 55. Rd2+ Kc3 56. Rd1 Kc2 57. Rh1 Kb2 58. Rh3 Ka3 59. Kf5 Kb4
60. Rd3 Rd6 61. Ke5 Rd8 62. d6 Kc5 63. d7 Kc6 64. Ke6 Kb7 65. Ke7 Kc7 66. b4 1-0

[Event "Mistrzostwa Miedzywojewodzkie Juniorow OP-SL C 17"]
[Site "Szczyrk"]
[Date "2012-10-21"]
[Round "7.4"]
[White "Janulek, Dawid"]
[Black "Szusterowski, Przemyslaw"]
[Result "1-0"]
[WhiteTitle "I"]
[BlackTitle "I"]
[WhiteElo "1810"]
[BlackElo "1949"]

1. e4 c5 2. Nf3 d6 3. d4 cxd4 4. Nxd4 Nf6 5. Nc3 a6 6. Bg5 e6 7. f4 Be7 8. Qf3
Qc7 9. O-O-O Nbd7 10. g4 b5 11. Bxf6 Nxf6 12. g5 Nd7 13. f5 Bxg5+ 14. Kb1 Ne5
15. Qh5 Qd8 16. h4 Bf6 17. fxe6 g6 18. exf7+ Kxf7 19. Qh6 Ng4 20. Qd2 Re8 21.
Bh3 h5 22. Bxg4 Bxg4 23. Rdf1 Kg7 24. Nd5 Bxh4 25. Nc6 Qg5 26. Qd4+ Kh6 27. Rf7
Rg8 28. Nf6 Qc5 29. Nxg8+ Rxg8 30. Qxc5 dxc5 31. Rxh4 Kg5 32. Rh1 h4 33. Rg1 Rd8
34. Re7 Rf8 35. Ne5 Rf4 36. Rxg4+ Rxg4 37. Nxg4 Kxg4 38. Rg7 g5 39. e5 h3 40.
e6 h2 41. Rh7 Kg3 42. e7 g4 43. e8=Q 1-0

[Event "Mistrzostwa Miedzywojewodzkie Juniorow OP-SL C 17"]
[Site "Szczyrk"]
[Date "2012-10-21"]
[Round "7.5"]
[White "Wielek, Thomas"]
[Black "Klus, Maciej"]
[Result "0-1"]
[WhiteTitle "I"]
[BlackTitle "II"]
[WhiteElo "1835"]
[BlackElo "1766"]

1. e4 c6 2. c4 e5 3. Nf3 Nf6 4. Nc3 Qa5 5. Be2 d6 6. O-O Be7 7. d4 O-O 8. Bd2 Nbd7
9. b4 Qc7 10. dxe5 Nxe5 11. Nxe5 dxe5 12. c5 Rd8 13. Qc2 Be6 14. f4 Qd7 15. Be3
exf4 16. Rxf4 a5 17. Rd1 Qc7 18. a3 Rxd1+ 19. Bxd1 axb4 20. axb4 Qe5 21. Qb2 Nd5
22. exd5 Qxe3+ 23. Rf2 cxd5 24. Bf3 Bf6 25. Nd1 Qe1+ 26. Rf1 Qxf1+ 27. Kxf1 Bxb2
28. Nxb2 Ra1+ 29. Nd1 Rb1 0-1

[Event "Mistrzostwa Miedzywojewodzkie Juniorow OP-SL C 17"]
[Site "Szczyrk"]
[Date "2012-10-21"]
[Round "7.6"]
[White "Paszewski, Mateusz"]
[Black "Stemplewski, Kamil"]
[Result "1/2-1/2"]
[WhiteTitle "I+"]
[BlackTitle "II"]
[WhiteElo "2051"]
[BlackElo "1551"]

1. e4 c5 2. Nf3 d6 3. d4 cxd4 4. Nxd4 Nf6 5. Nc3 a6 6. Bg5 e6 7. f4 Be7 8. Qf3
Qc7 9. O-O-O Nbd7 10. g4 b5 11. Bxf6 Nxf6 12. g5 Nd7 13. f5 Bxg5+ 14. Kb1 Ne5
15. Qh5 Be7 16. Nxe6 Bxe6 17. fxe6 O-O 18. Nd5 Qb7 19. Bh3 g6 20. exf7+ Nxf7 21.
Qe2 Ne5 22. Be6+ Kh8 23. h4 b4 24. Nxe7 Qxe7 25. Bd5 Ra7 26. Rdf1 a5 27. Rxf8+
Qxf8 28. Rf1 Qe7 29. Qe3 Kg7 30. Qd4 Kh6 31. Qe3+ Kg7 32. Rg1 h5 33. Rf1 Rc7 34.
Qd4 Kh7 35. Bb3 Rc5 36. Rd1 Nf3 37. Qd3 Ne5 38. Qa6 Qc7 39. Rxd6 Rc6 40. Rxc6
Qxc6 41. Qxc6 Nxc6 42. c4 bxc3 43. bxc3 Kg7 44. Kc1 g5 45. hxg5 h4 46. Be6 Kg6
47. Kd2 Kxg5 48. Ke3 Kf6 49. Bd7 Nb8 50. Bf5 Ke5 51. Kd3 Na6 52. Kc4 h3 53. Bxh3
Kxe4 54. Kb5 Nc7+ 55. Kc6 Ne8 56. c4 Kd4 57. Be6 Nf6 58. Bd5 a4 59. Bf7 a3 60.
Kb5 Ne4 61. Kb4 Nc5 62. Bg6 Na6+ 63. Ka5 Nc5 64. Kb5 Ne6 65. Bh7 Nc5 66. Bf5 Nb7
67. Be6 Nc5 68. Bf7 Ne4 69. Kb4 Nc5 70. Bd5 Na6+ 71. Kxa3 Kc5 72. Ka4 Kb6 73.
a3 Nc5+ 74. Kb4 Na6+ 75. Kc3 Kc5 76. a4 Nc7 77. Bf3 Na6 78. a5 Nc7 79. Bb7 Ne6
80. a6 Kb6 81. Kd3 Nc5+ 82. Kd4 Nd7 83. Kd5 Nc5 84. Bc8 Nb3 85. Kd6 Na5 86. c5+
Ka7 87. c6 Kb6 88. Bb7 Nxc6 1/2-1/2

[Event "Mistrzostwa Miedzywojewodzkie Juniorow OP-SL C 17"]
[Site "Szczyrk"]
[Date "2012-10-21"]
[Round "7.7"]
[White "Drela, Michal"]
[Black "Szolc, Grzegorz"]
[Result "0-1"]
[WhiteTitle "I"]
[BlackTitle "II+"]
[WhiteElo "1620"]
[BlackElo "1774"]

1. d4 f5 2. c4 Nf6 3. Nc3 g6 4. Nf3 Bg7 5. Bf4 d6 6. e3 c6 7. Be2 O-O 8. O-O Qe8
9. Qb3 Kh8 10. Rfd1 Nbd7 11. d5 Nc5 12. Qc2 Nce4 13. Nxe4 Nxe4 14. h3 Bd7 15.
Rac1 cxd5 16. Rxd5 Rc8 17. Ng5 Nf6 18. Rdd1 h6 19. Nf3 Ne4 20. Nd2 Nc5 21. b3
b5 22. Qb1 b4 23. e4 Ne6 24. Bh2 Nd4 25. Bd3 f4 26. f3 e5 27. Kf1 g5 28. Bg1 h5
29. Bxd4 exd4 30. Ke2 Be5 31. Rh1 Kg7 32. c5 Rxc5 33. Rxc5 dxc5 34. Nc4 Qe7 35.
Qe1 Bc7 36. Kd1 Be5 37. Ke2 Rb8 38. Kd1 Bb5 39. Kc2 Bxc4 40. Bxc4 a5 41. Kd3 Qd7
42. Qd1 h4 43. Qc2 Kf6 44. Bd5 Qc7 45. Bc4 Ke7 46. Rc1 Qb6 47. Bd5 Kd6 48. Bc4
Ra8 49. Ra1 Bf6 50. a4 bxa3 51. Rxa3 Qb4 52. Ra4 Qe1 53. Qd2 Qe3+ 54. Qxe3 fxe3
55. Bd5 Ra7 56. Bc4 Ke5 57. Ra2 Bd8 58. Bd5 Kd6 59. Bc4 Rb7 60. Bd5 Rb4 61. Bc4
Ke5 62. Bd5 Kf4 63. Be6 Bc7 64. Bd5 Bb6 65. Be6 Kg3 66. Bd5 a4 67. bxa4 Rb1 68.
Be6 Rd1+ 69. Ke2 Rg1 70. Kd3 Rxg2 71. Rxg2+ Kxg2 72. Ke2 Kg3 73. Bf5 Kf4 74. Be6
Bc7 75. Bc4 Kg3 76. Be6 Kg2 77. Bd7 c4 78. Bf5 Kg3 79. a5 Bxa5 80. e5 Bb4 81.
Bg4 Kf4 82. Be6 d3+ 0-1